Functional analysis and semi-groups /

Guardado en:
Autor Principal: Hille, Einar, 1894-1980.
Otros Autores: Phillips, Ralph S. 1913-
Formato: Libro
Idioma:English
Publicado: Providence, R.I. : American Mathematical Society, 1957.
Edición:Rev. ed.
Series:American Mathematical Society Colloquium publications ; v. 31
Etiquetas: Agregar Etiqueta
Sin Etiquetas, Sea el primero en etiquetar este registro!
LEADER 00727nam a22002055a 4500
001 MAT.inmabb000606
008 031118s1957####riu######b####001#0#eng#d
005 20130412152203.0
245 1 0 |a Functional analysis and semi-groups /  |c by Einar Hille, Ralph S. Phillips. 
250 |a Rev. ed. 
260 |a Providence, R.I. :  |b American Mathematical Society,  |c 1957. 
300 |a xii, 808 p. ;  |c cm. 
440 0 |a American Mathematical Society Colloquium publications ;  |v v. 31 
504 |a Bibliography: p. 781-796. 
510 4 |a MR,  |c 19,664d 
100 1 |a Hille, Einar,  |d 1894-1980. 
700 1 |a Phillips, Ralph S.  |q (Ralph Saul),  |d 1913- 
084 |a 47-02 (46-02)  |2 msc2000 
010 |a  58000102  
859 |h 47  |i H651  |p A-405  |b BIB. MATEMATICA